000 00410pab a2200145 454500
008 180718b1990 xxu||||| |||| 00| 0 eng d
100 _aWegelin, Emiel A.
245 _aNew approaches in urban services delivery
_bA comparison of emerging experience in selected Asian countries
260 _c1990
300 _a244-58
362 _aAug.
650 _aUrbanisation - Asia
773 _aCities
909 _a20385
999 _c20385
_d20385